|
|
|
|
| LEADER |
01023nta a2200241 i 4500 |
| 001 |
dokt1187 |
| 005 |
20221013152931.0 |
| 008 |
111111s2009 hu om 0|| hun d |
| 024 |
7 |
|
|a 30797606
|2 mtmt
|
| 040 |
|
|
|a SZTE Doktori Repozitórium
|b hun
|
| 041 |
|
|
|a hun
|
| 100 |
2 |
|
|a Kátai-Urbán Kamilla
|
| 245 |
1 |
0 |
|a Kombinatorikus teljesen 0-egyszerű félcsoportok és szabad spektrum
|h [elektronikus dokumentum] /
|c Kátai-Urbán Kamilla
|
| 246 |
1 |
0 |
|a Combinatorial completely 0-simple semigroups and free spectra
|h [elektronikus dokumentum]
|
| 260 |
|
|
|c 2009-11-13
|
| 502 |
|
|
|a Disszertacio
|
| 650 |
|
4 |
|a matematika- és számítástudományok
|
| 650 |
|
4 |
|a Matematika
|
| 700 |
0 |
1 |
|a Megyesi László
|e ths
|
| 700 |
0 |
1 |
|a Szabó Csaba
|e ths
|
| 856 |
4 |
0 |
|u https://doktori.bibl.u-szeged.hu/id/eprint/1187/1/KKdissz.pdf
|z Dokumentum-elérés
|
| 856 |
4 |
0 |
|u https://doktori.bibl.u-szeged.hu/id/eprint/1187/2/KKtezmagy.pdf
|z Dokumentum-elérés
|
| 856 |
4 |
0 |
|u https://doktori.bibl.u-szeged.hu/id/eprint/1187/3/KKtezang.pdf
|z Dokumentum-elérés
|